|
|
|
|
| LEADER |
01387nam a2200349Ia 4500 |
| 001 |
EBC289824 |
| 003 |
MiAaPQ |
| 005 |
20200520144314.0 |
| 006 |
m o d | |
| 007 |
cr cn||||||||| |
| 008 |
041016s2004 enka gs 000 0 eng d |
| 020 |
|
|
|z 0861769376
|
| 035 |
|
|
|a (MiAaPQ)EBC289824
|
| 035 |
|
|
|a (Au-PeEL)EBL289824
|
| 035 |
|
|
|a (CaPaEBR)ebr10058620
|
| 035 |
|
|
|a (CaONFJC)MIL51505
|
| 035 |
|
|
|a (OCoLC)70728325
|
| 040 |
|
|
|a MiAaPQ
|c MiAaPQ
|d MiAaPQ
|
| 050 |
|
4 |
|a HF5429
|b .E98 2004
|
| 245 |
0 |
0 |
|a Extending the food desert debate
|h [electronic resource] /
|c guest editors, Graham Clarke and David Bennison.
|
| 260 |
|
|
|a [Bradford, England] :
|b Emerald Group Pub.,
|c 2004.
|
| 300 |
|
|
|a p. 67-136 :
|b ill.
|
| 490 |
1 |
|
|a International journal of retail & distribution management ;
|v v. 32, no. 2, 2004, special issue
|
| 533 |
|
|
|a Electronic reproduction. Ann Arbor, MI : ProQuest, 2015. Available via World Wide Web. Access may be limited to ProQuest affiliated libraries.
|
| 650 |
|
0 |
|a Retail trade.
|
| 650 |
|
0 |
|a Consumer behavior.
|
| 655 |
|
4 |
|a Electronic books.
|
| 700 |
1 |
|
|a Clarke, Graham.
|
| 700 |
1 |
|
|a Bennison, David.
|
| 710 |
2 |
|
|a ProQuest (Firm)
|
| 830 |
|
0 |
|a International journal of retail & distribution management ;
|v v. 32, no. 2, 2004, special issue.
|
| 856 |
4 |
0 |
|u https://ebookcentral.proquest.com/lib/matrademy/detail.action?docID=289824
|z Click to View
|